| 000 | 00910cab a22002055a 4500 | ||
|---|---|---|---|
| 001 | L138351 | ||
| 008 | 070531s2007 xxk f 000 0 eng d | ||
| 035 | _a(Sirsi) u138351 | ||
| 041 | 0 | _aeng | |
| 100 | 1 | _aBryde, David James | |
| 245 | 0 | 0 |
_aIncentivising the project performance in the construction of new facilities _butilising the earned value-based method |
| 260 | _c2007 | ||
| 490 | 0 |
_aJournal of Facilities Management _v5(2) 2007, 143-149(7) |
|
| 520 | _aDiscusses the reporting of project performance for the purpose of encouraging clients and contractors to share risks and values. Discusses the limitations of fixed price, fixed unit price, variable type contracts, the earned value method and co-operative incentivised negotiation budgets. | ||
| 590 | _aKA | ||
| 651 | 4 |
_aUnited Kingdom _y |
|
| 690 | _aMANAGEMENT-PROJECT MANAGEMENT-PROJECT APPRAISAL | ||
| 700 | 1 | _aJoby, Roger | |
| 942 | _n0 | ||
| 999 |
_c107140 _d107140 |
||